书目信息 |
| 题名: |
化工百科全书 7 核能技术--计算机技术
|
|
| 作者: | 本书编委会 | |
| 分册: | ||
| 出版信息: | 北京 化学工业出版社 |
|
| 页数: | 998页 | |
| 开本: | 16开 | |
| 丛书名: | ||
| 单 册: | ||
| 中图分类: | TQ-61 | |
| 科图分类: | ||
| 主题词: | 化学工业 | |
| 电子资源: | ||
| ISBN: | 7-5025-0844-9 | |
| 000 | 00595nam0 2200193 45 | |
| 001 | 0006151654 | |
| 005 | 20001006100156.4 | |
| 010 | @a7-5025-0844-9@d80.00元 | |
| 100 | @a20000615d km y0chiy0120 ea | |
| 101 | 0 | @achi |
| 105 | @a z 000yy | |
| 200 | 1 | @a化工百科全书 7 核能技术--计算机技术@AHua Gong Bai Ke Quan Shu 7 He Neng Ji Shu--Ji Suan Ji Ji Shu@f本书编委会@FBen Shu Bian Wei Hui |
| 210 | @a北京@c化学工业出版社 | |
| 215 | @a998页@d16开 | |
| 606 | 0 | @a化学工业 |
| 690 | @aTQ-61@v3 | |
| 701 | 0 | @a本书编委会 |
| 801 | @aCN@bPftUser@c20000615 | |
| 905 | @dTQ-61@eH:033:7@b167748-750@f3 | |
| 化工百科全书 7 核能技术--计算机技术/本书编委会.-北京:化学工业出版社 |
| 998页;16开 |
| ISBN 7-5025-0844-9:80.00元 |
| ● |
| 相关链接 |
|
|
|
正题名:化工百科全书7核能技术--计算机技术
索取号:TQ-61/H:033:7
 
预约/预借
| 序号 | 登录号 | 条形码 | 馆藏地/架位号 | 状态 | 备注 |
| 1 | 167748 | 201677480 | 自科库501/501自科库 136排9列5层/ [索取号:TQ-61/H:033:7] | 在馆 | |
| 2 | 167749 | 201677499 | 自科二线504/504自科库 14排3列3层/ [索取号:TQ-61/H:033:7] | 在馆 | |
| 3 | 167750 | 201677505 | 自科二线504/504自科库 14排3列5层/ [索取号:TQ-61/H:033:7] | 在馆 |